000 01101nam a2200253Ia 4500
003 OSt
005 20220923220343.0
006 a|||||r|||| 00| 0
007 ta
008 220922b |||||||| |||| 00| 0 hin d
024 _a186,106
037 _cTextual
040 _aARTS
_cARTS
_bhin
041 _2hin
_ahin
082 _aY71:1.2, 152L0
100 _aगॉर्डन, डी0 एच0; सिन्हा, विजेन्द्र कुमार, अनु.
_9164118
245 0 _aभारतीय संस्कृति की प्रागैतिहासिक पृष्ठभूमि
246 _aBhāratīya sanskṛuti kī prāgaitihāsik pṛuṣhṭhabhūmi
260 _aपटना
_b बिहार हिन्दी ग्रंथ अकादमी
_c1970
300 _a256 पृ.
_ccm.
650 _aभारतीय-लोक साहित्य
942 _hY71:1.2, 152L0
_cTEXL
_2CC
999 _c339351
_d339351